00377nam a2200133Ia 450000500170000000800410001702000150005808200130007310000170008624500110010326000330011430000130014750000830016020250310030044.0240331s9999 xx 000 0 und d a9552090350 bWICa891 aWickramage,G 0aMakara aColombobGodake & sonsc2006 a184 p ., aStory about her women falling in love and later going into her another affair